| 000 | 01315nam a22002777a 4500 | ||
|---|---|---|---|
| 001 | 1484 | ||
| 005 | 20231002104326.0 | ||
| 020 | _a9789995054403 | ||
| 040 |
_aFISKH _beng _cFISKH _dFISKH |
||
| 082 | _a641.65655 | ||
| 100 | _aSokha, Pean | ||
| 245 | _aការដាំឪឡឹក / | ||
| 250 | _aបោះពុម្ពលើកទី ៧ សីហា ២០២១ | ||
| 260 |
_aPhnom Penh : _bSipar, _c2021. |
||
| 300 |
_a36 pages : _bcolor illustrations ; _c28 cm |
||
| 490 | _aបំណិនជីវិត | ||
| 505 | _aZ' | ||
| 520 | _aបង្ហាញពីរបៀបរៀបចំដី ការបណ្ដុះកូន រហូតដល់ការប្រមូលផល និងមានវិធីធ្វើម្ហូប សាមញ្ញៗពីក្ដឹបឪឡឹក សម្រាប់បរិភោគក្នុងគ្រួសារ។ | ||
| 520 | _aDemonstrate how to prepare the soil, grow small watermelon until harvest and have simple recipes from small water for family consumption. | ||
| 521 |
_a1120
_bLexile estimate |
||
| 521 |
_aZ'
_bRaz-Plus |
||
| 650 |
_aដី _vប្រមូលផល _xម្ហូប |
||
| 650 |
_aSoil _vHarvest _xFood |
||
| 700 |
_aSophaleap, Nhoek _cillustrator |
||
| 942 |
_2ddc _cBK _n0 |
||
| 999 |
_c1484 _d1484 |
||